000 00997nam a22003377a 4500
001 0001488
003 KOHA_MİRAKIL
005 20260207001243.0
007 ta
008 090217b1994 tu |||gr||||#||||0|tur |
020 _a975486313X
_c21,69
040 _aTR-BiSEU
_btur
_cTR-BiSEU
_erda
041 0 _atur
044 _ctu
050 _aQA76
_b.O95 1994
100 1 _aÖzkan, Turhan.
245 1 _aBütün yönleriyle bilgisayar ve basıc programlama dili esasları/
_cTurhan Özkan ; Turhan Özkan.
250 _a2. bs.
264 1 _aİstanbul :
_bBeta
_c1994
300 _a572 sayfa
336 _ametin
_btxt
_2rdacontent
337 _aaracısız
_bn
_2rdamedia
338 _acilt
_bnc
_2rdacarrier
490 1 _aBeta Yayınları ;
_v415.
490 1 _aBilgisayar Dizisi ;
_v56
650 0 _aBASIC (Bilgisayar program dili).
_94455
650 0 _aBilgisayarlar.
_92895
830 1 _aBeta Yayınları ;
_v415.
_93499
830 1 _aBilgisayar Dizisi ;
_v56
_92740
942 _2lcc
_cBK
999 _c1475
_d1475